Professional development : (Record no. 5304)
[ view plain ]
| 000 -LEADER | |
|---|---|
| fixed length control field | 00724nam a2200265 a 4500 |
| 001 - CONTROL NUMBER | |
| JCCL Control Number | 5304 |
| 003 - CONTROL NUMBER IDENTIFIER | |
| JCCL marc code | BD-JhCC |
| 005 - DATE AND TIME OF LATEST TRANSACTION | |
| control field | 20180325130055.0 |
| 008 - FIXED-LENGTH DATA ELEMENTS--GENERAL INFORMATION | |
| fixed length control field | 171212b xxu||||| |||| 00| 0 eng d |
| 020 ## - INTERNATIONAL STANDARD BOOK NUMBER | |
| International Standard Book Number | 0127519602 |
| 035 ## - SYSTEM CONTROL NUMBER | |
| system control number | (BD-JhCC)5304 |
| 040 ## - CATALOGING SOURCE | |
| Original cataloging agency | BD-JhCC |
| Modifying agency | BD-JhCC |
| 041 ## - LANGUAGE CODE | |
| Language code of Book | eng |
| 082 ## - DEWEY DECIMAL CLASSIFICATION NUMBER | |
| Classification number | 650.1 |
| Author mark and Year | WIL 1984 |
| 100 ## - MAIN ENTRY--PERSONAL NAME | |
| Personal name | Wilkes, Mary |
| 245 ## - TITLE STATEMENT | |
| Title | Professional development : |
| Remainder of title | The dynamic of success / |
| Statement of responsibility, etc | Mary Wilkes, C. Bruce Crosswait, |
| 250 ## - EDITION STATEMENT | |
| Edition statement | 7th ed. |
| 260 ## - PUBLICATION, DISTRIBUTION, ETC. (IMPRINT) | |
| Place of publication, distribution, etc | USA : |
| Name of publisher, distributor, etc | Academic press College division, |
| Date of publication, distribution, etc | 1984. |
| 300 ## - PHYSICAL DESCRIPTION | |
| Pagination | 406 p. : |
| Other physical details | ills; |
| Dimensions | 25 cm. |
| 500 ## - GENERAL NOTE | |
| General note | Include Index |
| 650 ## - SUBJECT ADDED ENTRY--TOPICAL TERM | |
| Topical term or geographic name as entry element | success in business |
| 700 ## - ADDED ENTRY--PERSONAL NAME | |
| Personal name | Crosswait, C. Bruce |
| 942 ## - ADDED ENTRY ELEMENTS (KOHA) | |
| Source of classification or shelving scheme | Dewey Decimal Classification |
| Koha item type | Books |
| Source of classification or shelving scheme | Damaged status | Not for loan | Home library | Current library | Shelving location | Total Checkouts | Full call number | Barcode | Date last seen | Copy number | Koha item type |
|---|---|---|---|---|---|---|---|---|---|---|---|
| Dewey Decimal Classification | JCC Rouf Library | JCC Rouf Library | General Stacks | 650.1 WIL 1984 | 7193 | 12/12/2017 | C-1 | Books |